| 000 | 00631cab a2200205 4500 | ||
|---|---|---|---|
| 001 | ABS42887 | ||
| 008 | 090401t1990 xxu||||| |||| 00| 0 eng d | ||
| 035 | _a(Sirsi) u39415 | ||
| 041 | _aeng | ||
| 100 | _aBurkitt, M. | ||
| 245 | _aEquity and debt in a creative package | ||
| 260 | _c1990 | ||
| 350 | _a0 | ||
| 490 |
_aWorld Property _vJune 1990, 49-50(2) |
||
| 520 | _aReviews the roles of joint venture structuring, financing and traditional property skills in the acquisition and re development of sites. | ||
| 650 | _aBANKS | ||
| 690 | _aPROPERTY-PROPERTY FINANCE AND INVESTMENT | ||
| 942 | _n0 | ||
| 948 | _c04/03/1997 | ||
| 999 |
_c25307 _d25307 |
||